[Event "WSTCC-50 2020"]
[Site "Prague"]
[Date "2020.03.08"]
[Round "3.14"]
[White "Sorm, Daniel"]
[Black "Velicka, Petr"]
[Result "0-1"]
[WhiteElo "2328"]
[BlackElo "2425"]
[Annotator "TA"]
[PlyCount "118"]
[EventDate "2020.03.06"]
[EventType "team-tourn"]
[EventCountry "CZE"]
[SourceTitle "playchess.com"]
[Source "ChessBase"]
[SourceQuality "1"]

{[%evp 16,118,-10,-14,-5,-6,0,-23,-25,-18,-25,-29,0,-64,-66,-68,-32,-45,-43,-64,-68,-110,-125,-123,-132,-163,-163,-179,-159,-229,-202,-231,-233,-283,-198,-216,-139,-137,-145,-145,-129,-133,-122,-154,-141,-155,-146,-191,-189,-245,-231,-204,-141,-141,-141,-147,-141,-155,-155,-152,-157,-166,-154,-156,-170,-181,-198,-612,-701,-652,-608,-948,-980,-656,-184,-183,-174,-1023,-962,-960,-940,-868,-971,-995,-971,-884,-594,-421,-416,-877,-448,-29967,-29970,-29970,-29971,-29972,-29973,-29973,-29972,-29975,-29973,-29973,-29973,-29970,-29966]} 1. d4 d5 2. c4 e6 3. Nc3 c5 4. cxd5 exd5 5. Nf3 Nc6 6. Bg5 Be7 7. Bxe7 Ngxe7 8. e3 c4 9. Be2 O-O {D32: Tarrasch Defence: Sidelines and lines without g3.} 10. O-O Rb8 11. Qd2 b5 {Black has an edge.} 12. e4 dxe4 13. Nxe4 {[#]} Bf5 $146 ({Predecessor:} 13... Be6 14. Rad1 Qc7 15. Nc5 Qd6 16. Nxe6 fxe6 17. Rfe1 Nd5 18. Ng5 Rf4 19. Nxe6 Re4 {1-0 (35) Sorin,A (2460)-Reides,M (2315) Buenos Aires 1998}) 14. Ng3 ({White should play} 14. Nc5 $1 $11) 14... Be6 $15 15. Rfd1 Bd5 16. Ne5 Qc7 17. Qe3 Rfe8 18. Bf3 Nxe5 19. dxe5 Bxf3 20. gxf3 Ng6 $1 21. f4 f6 {[%cal Rf6e5]} 22. Ne4 (22. Ne2 $17) 22... fxe5 $19 23. f5 Nf4 24. f6 Red8 25. Kh1 Kh8 26. fxg7+ Qxg7 {[%csl Gf4][%cal Rg7g2]} 27. Rg1 Qb7 28. f3 {Hoping for Nd6!} Rd3 29. Qf2 Qe7 {aiming for ...Nh3.} 30. Rg3 Rbd8 31. Rag1 Rd1 32. Qc2 (32. Ng5 $142 h6 33. Nh3) 32... Rxg1+ $1 33. Rxg1 Rg8 34. Rxg8+ Kxg8 35. a4 {[#]} a6 $1 36. Qd2 Kg7 37. axb5 axb5 38. Qd6 Qxd6 39. Nxd6 {[%mdl 4096] Endgame KN-KN} Nd3 40. Nxb5 Nxb2 41. Nc3 $2 (41. Kg2) 41... Kf6 42. Kg2 Nd3 43. Kf1 Kg5 44. Ke2 h6 $2 (44... Kh4 {Threatens to win with ...h5.} 45. Ne4 Nf4+ 46. Kd2 h5) 45. Ne4+ Kf4 46. Nf6 $2 {[#]} (46. Nc3) 46... Nb4 $1 {[%cal Rb4c2]} 47. Nh5+ Kg5 48. Ng3 Nd5 49. Ne4+ Kf4 50. Nc5 c3 51. Nd3+ Kf5 {White must now prevent ...Nf4+.} 52. Nc5 (52. Kd1 $142 Ne3+ 53. Ke2) 52... Nb4 53. Kd1 (53. Nb3 $19 Ke6 54. Kf2) 53... Kf4 {Black mates.} 54. Nd7 Kxf3 55. Nxe5+ Kg2 56. Ke2 Kh3 57. Nf3 h5 58. Ke3 c2 59. Kd2 Kg2 {Accuracy: White = 58%, Black = 75%.} 0-1

[Event "WSTCC-50 2020"]
[Site "Prague"]
[Date "2020.03.08"]
[Round "3.15"]
[White "Langner, Ladislav"]
[Black "Pastircak, Milan"]
[Result "1-0"]
[WhiteElo "2377"]
[BlackElo "2277"]
[Annotator "TA"]
[PlyCount "85"]
[EventDate "2020.03.06"]
[EventType "team-tourn"]
[EventCountry "CZE"]
[SourceTitle "playchess.com"]
[Source "ChessBase"]
[SourceQuality "1"]

{[%evp 9,85,0,16,-1,7,-28,7,10,16,12,7,-13,-7,-9,-16,-12,14,5,23,23,21,17,29,16,31,15,9,7,11,16,17,4,8,6,2,0,16,4,26,6,45,27,46,0,0,0,0,0,0,0,4,5,42,19,18,4,33,24,47,9,38,46,88,87,110,36,166,157,440,389,399,373,29983,825,29984,29976,29986,12825]} 1. e4 e5 2. Bc4 Nf6 3. d3 c6 4. Nf3 d5 5. Bb3 a5 {[#] aiming for ...a4.} 6. c3 {C24: Bishop's Opening: 2...Nf6.} ({But not} 6. Nxe5 $2 a4 $19) 6... Bd6 7. Bg5 Be6 8. Nbd2 {The position is equal.} Nbd7 9. d4 exd4 10. Nxd4 {[#]} O-O $146 ({Predecessor:} 10... Qc7 11. h3 O-O 12. O-O Bh2+ 13. Kh1 Bf4 14. Bxf6 Nxf6 15. exd5 Bxd5 16. Bxd5 Nxd5 {0-1 (38) Casper,T (2391)-Nikolic,P (2661) Germany 2003}) 11. exd5 Bxd5 12. Bxd5 {Hoping for Bc4.} cxd5 13. O-O Re8 14. Nf5 Qc7 15. Nxd6 Qxd6 16. Nc4 Qc5 17. Ne3 Re5 18. Bh4 Re4 19. Bxf6 Nxf6 20. Qb3 b6 21. Rad1 {[%cal Re3d5]} a4 22. Qc2 Rae8 23. Rd3 g6 24. Qd1 Kg7 25. h3 b5 26. Nxd5 Nxd5 27. Rxd5 Qc4 28. a3 Re2 29. Rd4 Qc5 30. Rb4 Kg8 31. Qd7 R8e5 $1 32. Qd8+ Re8 33. Qf6 R8e6 34. Qf4 $36 {[%mdl 2048] Black is under pressure.} Rd6 35. c4 bxc4 36. Rxc4 Qd5 37. Qc1 (37. Rxa4 $16 {Black must now prevent b4.} Rxb2 38. Qh6) 37... Qe5 (37... Qd2 $14) 38. Rxa4 $18 Qxb2 $2 {Loses the game.} (38... Kg7 $16 {was called for.} 39. Ra8 Rdd2) 39. Ra8+ Kg7 40. Qc8 {Threatens to win with Qf8+.} Rde6 $2 (40... Qd4 $18 41. Qh8+ Kh6 42. Qf8+ {[%mdl 64] Double Attack} Kg5 43. Qxf7 Rf6) 41. Qf8+ Kf6 42. Ra7 Kg5 43. Rxf7 {Accuracy: White = 87%, Black = 64%.} (43. Ra5+ $142 R6e5 44. f4+ {[%mdl 64] Pin} Kh5 45. Rxe5+ Rxe5 46. Qxf7 Kh6 47. Qf8+ Kh5 {[#]} 48. Qg7 $1 {[%mdl 576] Pin}) 1-0

[Event "WSTCC-50 2020"]
[Site "Prague"]
[Date "2020.03.08"]
[Round "3.16"]
[White "Mudrak, Josef"]
[Black "Konopka, Michal"]
[Result "1/2-1/2"]
[WhiteElo "2213"]
[BlackElo "2353"]
[Annotator "TA"]
[PlyCount "104"]
[EventDate "2020.03.06"]
[EventType "team-tourn"]
[EventCountry "CZE"]
[SourceTitle "playchess.com"]
[Source "ChessBase"]
[SourceQuality "1"]

{[%evp 13,104,12,13,17,12,-12,-3,-14,0,-2,-3,-6,-6,-6,0,-4,0,0,33,27,35,4,12,5,5,5,35,18,49,9,32,18,18,3,62,56,36,8,8,13,18,18,18,18,25,25,25,18,32,18,22,0,0,0,10,10,74,75,97,97,108,0,34,0,0,0,0,0,0,0,0,0,0,0,0,0,0,0,0,0,0,0,0,0,0,0,0,0,0,0,0,0,0]} 1. d4 Nf6 2. Nf3 g6 3. g3 Bg7 4. Bg2 d5 5. O-O O-O 6. Nbd2 c6 7. b3 a5 8. Bb2 {D02: 1 d4 d5 2 Nf3 sidelines, including 2...Nf6 3 g3 and 2...Nf6 3 Bf4.} a4 9. a3 axb3 10. cxb3 Bf5 {[#]} 11. b4 $146 ({Predecessor:} 11. Rc1 Qb6 12. b4 Nbd7 13. Nh4 Be6 14. Qc2 Qb5 15. e3 Ne8 16. Rfe1 Nd6 17. e4 {0-1 (34) Horie,T (1823)-Jaekel,A (1856) ICCF email 2015}) 11... Nbd7 12. Qb3 Ne4 13. Rfc1 Qb6 14. e3 Nxd2 15. Nxd2 e5 16. dxe5 $1 Bxe5 17. Bxe5 Nxe5 18. Qc3 Rfe8 19. Nb3 Rad8 20. Rd1 Be4 21. Rd4 f5 22. Nd2 Bxg2 23. Kxg2 Nf7 ({Black should try} 23... Qa6 $11) 24. h4 $14 Nd6 {[#] Strongly threatening ...Nb5.} 25. Rf4 Qc7 26. a4 Qg7 27. Qxg7+ Kxg7 28. Rd4 Ne4 29. Nb3 Kf6 30. Rc1 Nd6 31. Nd2 Ne4 32. Nxe4+ (32. a5 {with more complications.} Ra8 33. Nb3 Nd6 34. Rdd1 Re4 35. Nd4) 32... Rxe4 33. b5 Rxd4 34. exd4 $11 {[%mdl 4096] Endgame KR-KR} Rc8 (34... Ra8 $11) 35. Kf3 $16 Ke6 36. Kf4 Kd6 37. h5 (37. a5 $16) 37... Re8 $14 38. hxg6 hxg6 {The position is equal.} 39. f3 cxb5 40. axb5 Re2 41. Rc8 {And now Rg8 would win.} Rd2 42. Rd8+ Ke6 43. Rg8 Kf6 44. Rf8+ Ke7 45. Rb8 {aiming for Ke5.} Rxd4+ {[#]} 46. Ke5 $1 {[%mdl 512]} Rd3 47. Rxb7+ Kd8 48. Rg7 {Black must now prevent b6.} Rxf3 49. b6 Kc8 50. Rxg6 Kb7 51. Kxd5 Ka6 52. Ke5 Kb7 {Accuracy: White = 88%, Black = 84%.} 1/2-1/2

[Event "WSTCC-50 2020"]
[Site "Prague"]
[Date "2020.03.08"]
[Round "3.17"]
[White "Ftacnik, Lubomir"]
[Black "Matveeva, Svetlana"]
[Result "1-0"]
[WhiteElo "2513"]
[BlackElo "2375"]
[Annotator "TA"]
[PlyCount "69"]
[EventDate "2020.03.06"]
[EventType "team-tourn"]
[EventCountry "CZE"]
[SourceTitle "playchess.com"]
[Source "ChessBase"]
[SourceQuality "1"]

{[%evp 26,69,29,29,16,14,27,16,33,37,31,20,33,0,20,18,17,0,4,10,8,0,0,0,150,147,133,137,300,300,291,287,391,363,410,409,934,915,1101,952,1070,536,1276,1245,1014,618]} 1. Nf3 Nf6 2. c4 g6 3. Nc3 Bg7 4. d4 d6 5. e4 O-O 6. Be2 e5 7. O-O exd4 8. Nxd4 Re8 9. f3 c6 10. Kh1 Nbd7 11. Bg5 Qb6 12. Nb3 a5 {[%cal Ba7a5,Ba5a4][%mdl 32]} 13. Qd2 a4 14. Be3 Qd8 {E94: King's Indian: Classical: 6 Be2 e5 7 0-0: Various Black 7th moves.} 15. Nd4 Nc5 16. Rab1 Nfd7 {The position is equal.} 17. b4 axb3 $1 18. axb3 Be5 {[#]} 19. g3 $146 ({Predecessor:} 19. b4 Ne6 20. f4 Bg7 21. Nxe6 Rxe6 22. Bd4 Nf6 23. Bf3 Re8 24. Rfd1 Be6 25. c5 {½-½ (63) Goganov,A (2469)-Shimanov,A (2550) St Petersburg 2011}) 19... Ra3 20. b4 $36 {[%mdl 2048] White has good play.} Ne6 {[#] Threatens to win with ...Rxc3!} 21. Nxe6 Rxe6 22. Nd1 Re8 23. Nf2 Qe7 24. Rfd1 d5 (24... f5 $11) 25. cxd5 $16 cxd5 26. Bb5 d4 $2 {This costs Black the game.} (26... Rd8 $16 {might work better.}) 27. Bxd4 $18 Rxf3 28. Kg2 Ra3 29. Bxd7 Bxd7 30. Bxe5 Bc6 (30... Bh3+ $142 31. Nxh3 Qxe5) 31. Ng4 {White is clearly winning.} Bxe4+ 32. Kg1 {[#] Nh6+ is the strong threat.} Ra6 33. Ra1 {Strongly threatening Rxa6.} f5 34. Rxa6 fxg4 35. Qa2+ {Accuracy: White = 84%, Black = 45%.} 1-0

[Event "WSTCC-50 2020"]
[Site "Prague"]
[Date "2020.03.08"]
[Round "3.18"]
[White "Grabuzova, Tatiana"]
[Black "Stohl, Igor"]
[Result "0-1"]
[WhiteElo "2272"]
[BlackElo "2470"]
[Annotator "TA"]
[PlyCount "112"]
[EventDate "2020.03.06"]
[EventType "team-tourn"]
[EventCountry "CZE"]
[SourceTitle "playchess.com"]
[Source "ChessBase"]
[SourceQuality "1"]

{[%evp 21,112,-37,-35,-41,-22,-70,-70,-67,-67,-60,-38,-133,-129,-116,-89,-92,-61,-64,-36,-40,-52,-118,-119,-123,-113,-129,-126,-174,-145,-144,-143,-146,-99,-93,-86,-85,-75,-89,-72,-73,-78,-79,-48,-52,-27,-58,-56,-70,-55,-62,-62,-89,-72,-72,-51,-52,-47,-62,-52,-56,-40,-162,-162,-162,-162,-1384,-1243,-1297,-1272,-4943,-2225,-5394,-5254,-5102,-912,-5181,-5181,-5181,-5157,-1694,-1272,-1177,-1133,-1037,-891,-1888,-902,-29983,-29984,-29984,-29985,-29987,-29988]} 1. d4 Nf6 2. c4 g6 3. Nc3 d5 4. Nf3 Bg7 5. Qb3 dxc4 6. Qxc4 O-O 7. e4 a6 8. Bf4 b5 9. Qxc7 Qxc7 10. Bxc7 Bb7 11. e5 Nd5 12. Nxd5 {D97: Grünfeld: Russian System: 7 e4, replies other than 7...Bg4.} Bxd5 13. Bd3 Nc6 14. Bb6 {Black is slightly better.} Rab8 15. Bc5 {[#]} Rfd8 $146 ({Predecessor:} 15... Bxf3 16. gxf3 Nxd4 17. Bxd4 Rfd8 18. Bxg6 hxg6 19. O-O-O Rbc8+ 20. Kb1 Rc4 21. Bc3 Rxd1+ 22. Rxd1 {1-0 (28) Darazs,Z (2234)-Cseke,R (2314) Hungary 2009}) 16. Ke2 (16. Rd1 $1 $15) 16... Bxf3+ $1 $17 17. Kxf3 Nxd4+ 18. Ke4 Ne6 19. Be3 $1 f5+ 20. exf6 $1 exf6 {And now ...f5+ would win.} 21. g4 (21. Bc2 $15) 21... Ng5+ 22. Bxg5 fxg5 23. Ke3 Bxb2 24. Raf1 Bd4+ 25. Ke2 Re8+ 26. Kf3 Rbc8 {aiming for ...Rc3.} 27. Kg2 Rc3 28. Rd1 Bb6 29. Rd2 Rd8 30. Rhd1 Rd4 31. Be2 Rxd2 (31... Rf4 {keeps more tension.} 32. f3 Ra4 33. Bd3 Kg7 34. Be4 Kh6) 32. Rxd2 {[%mdl 4096] Endgame KRB-KRB} Bc5 33. Bf3 Kf8 34. Bd1 Ke7 35. Bb3 a5 36. Re2+ Kf8 37. Bd5 b4 38. Bb3 Bd6 39. Rd2 Ke7 40. Re2+ Kd7 41. Re3 {Loses the game.} ({White should play} 41. Bg8 $15) 41... Rxe3 $1 $19 42. fxe3 {KB-KB} Kc6 43. h3 $2 (43. Ba4+ Kd5 44. h3) 43... Kb5 $1 44. Kf3 {[#]} a4 $1 {[%cal Ba5a4,Ba4a3][%mdl 32]} 45. Bf7 {[#]} b3 $1 {[%cal Rb3b2][%mdl 512]} 46. axb3 a3 47. b4 Kxb4 48. Ke4 {[#]} Kc3 $1 49. Ba2 Bc5 50. Bd5 Kd2 51. Ke5 Kxe3 52. Kf6 Kf4 53. Kg7 h5 (53... Ke5 $142 54. Bg8 h5 55. Kxg6 hxg4 56. hxg4 Be3) 54. Kxg6 hxg4 {Black mates.} 55. hxg4 Kxg4 56. Be6+ Kf4 {Accuracy: White = 47%, Black = 85%.} 0-1

[Event "WSTCC-50 2020"]
[Site "Prague"]
[Date "2020.03.08"]
[Round "3.19"]
[White "Motuz, Karol"]
[Black "Yakimenko, Alexander A."]
[Result "1/2-1/2"]
[WhiteElo "2368"]
[BlackElo "2149"]
[Annotator "TA"]
[PlyCount "89"]
[EventDate "2020.03.06"]
[EventType "team-tourn"]
[EventCountry "CZE"]
[SourceTitle "playchess.com"]
[Source "ChessBase"]
[SourceQuality "1"]

{[%evp 10,89,-8,-21,10,10,25,-6,20,20,29,15,89,19,17,17,20,19,50,13,60,58,40,50,52,28,28,28,28,34,39,31,49,25,54,54,52,61,64,51,94,52,54,49,52,45,37,44,41,41,40,44,45,45,45,45,45,8,13,8,8,8,39,8,8,8,8,8,8,0,8,8,8,8,8,8,8,8,8,8,8,8]} 1. d4 e6 2. c4 Nf6 3. Nc3 Bb4 4. f3 O-O 5. a3 Bxc3+ 6. bxc3 Nh5 {E27: Nimzo-Indian: Sämisch: 5...0-0 6 f3.} 7. Nh3 f5 8. e3 {8.e4 is a critical line.} b6 9. Bd3 d6 10. O-O Nd7 (10... Nc6 $11 {remains equal.}) 11. Qc2 (11. e4 $16) 11... Bb7 $11 {[#]} 12. Bd2 $146 ({Predecessor:} 12. e4 fxe4 13. Bxe4 Bxe4 14. Qxe4 Re8 15. Bg5 Nhf6 16. Qc6 Rc8 17. Rfe1 h6 18. Bxf6 Nxf6 {½-½ (28) Shmavonyan,A (1998)-Amon,N (2138) Prague 2016}) 12... Qe7 13. Rae1 g6 14. Nf4 Qf7 15. e4 {Threatens to win with Nxh5.} Nxf4 16. Bxf4 Rfe8 17. e5 dxe5 18. Bxe5 ({Reject} 18. dxe5 Qf8 $15) 18... Nxe5 19. Rxe5 c5 20. dxc5 Qc7 21. Rfe1 Be4 22. f4 Bxd3 23. Qxd3 Rac8 24. Qe3 Qc6 25. cxb6 ({Much worse is} 25. Rxe6 $6 Rxe6 26. Qxe6+ Qxe6 $11) (25. a4 {with more complications.} Kf7 26. cxb6 axb6 27. c5 bxc5 28. a5) 25... axb6 26. c5 bxc5 27. Rxe6 Rxe6 28. Qxe6+ Qxe6 29. Rxe6 $14 {[%mdl 4096] Endgame KR-KR} Ra8 30. Rc6 Rxa3 31. Rxc5 Kf7 32. Rc7+ Ke6 33. h4 h5 34. Rc6+ Kd5 35. Rxg6 Rxc3 36. Kh2 Ke4 $1 {The position is equal.} 37. Rg5 Kxf4 38. Rxh5 Kg4 39. Rh8 f4 40. h5 Kg5 41. h6 $1 Kg6 42. h7 Kg7 43. Rf8 $1 Kxh7 44. Rxf4 Kg6 45. Ra4 {Accuracy: White = 77%, Black = 73%.} 1/2-1/2

[Event "WSTCC-50 2020"]
[Site "Prague"]
[Date "2020.03.08"]
[Round "3.20"]
[White "Chudinovskikh, Alexander M"]
[Black "Petran, Peter"]
[Result "1/2-1/2"]
[WhiteElo "2139"]
[BlackElo "2268"]
[Annotator "RC"]
[PlyCount "100"]
[EventDate "2020.03.06"]
[EventType "team-tourn"]
[EventCountry "CZE"]
[SourceTitle "playchess.com"]
[Source "ChessBase"]
[SourceQuality "1"]
[TimeControl "40/5400+30:1800+30"]

1. e4 {[%emt 0:00:00]} g6 {[%emt 0:00:00]} 2. d4 {[%emt 0:00:00]} Bg7 {[%emt 0:00:00]} 3. Nc3 {[%emt 0:00:00]} c6 {[%emt 0:00:00]} 4. Bc4 {[%emt 0:04:43]} b5 {[%emt 0:01:38]} 5. Bb3 {[%emt 0:00:37]} b4 {[%emt 0:02:19]} 6. Nce2 {[%emt 0:01:01]} d5 {[%emt 0:00:16]} 7. e5 {[%emt 0:05:58]} e6 {[%emt 0:00:26]} 8. Nf3 {[%emt 0:01:47]} Nd7 {[%emt 0:00:38]} 9. a3 {[%emt 0:01:09]} bxa3 {[%emt 0:00:33]} 10. Rxa3 {[%emt 0:00:07]} c5 {[%emt 0:00:27]} 11. Bg5 {[%emt 0:02:50]} Ne7 {[%emt 0:02:16]} 12. O-O {[%emt 0:01:04]} h6 {[%emt 0:00:33]} 13. Bd2 {[%emt 0:01:06]} Nc6 {[%emt 0:04:26]} 14. Ba4 {[%emt 0:09:21]} Bb7 {[%emt 0:03:45]} 15. dxc5 {[%emt 0:09:16]} O-O {[%emt 0:04:48]} 16. Bxc6 {[%emt 0:01:40]} Bxc6 {[%emt 0:00:43]} 17. Ned4 {[%emt 0:00:09]} Rc8 {[%emt 0:08:15]} 18. b4 {[%emt 0:02:01]} Nxe5 {[%emt 0:02:10]} 19. Nxe5 {[%emt 0:04:11]} Bxe5 {[%emt 0:00:07]} 20. Nxc6 {[%emt 0:00:17]} Rxc6 {[%emt 0:00:27]} 21. Bxh6 {[%emt 0:00:50]} Qh4 {[%emt 0:03:54]} 22. f4 {[%emt 0:07:10]} Qxh6 {[%emt 0:03:41]} 23. fxe5 {[%emt 0:00:08]} Rc7 {[%emt 0:11:02]} 24. Qd4 {[%emt 0:01:29]} Rb8 {[%emt 0:01:07]} 25. c3 {[%emt 0:03:01]} Kg7 {[%emt 0:02:36]} 26. Qf4 {[%emt 0:05:12]} Qxf4 {[%emt 0:00:36]} 27. Rxf4 {[%emt 0:00:01]} Rh8 {[%emt 0:00:24]} 28. c4 {[%emt 0:03:23]} Rh5 {[%emt 0:02:07]} 29. Re3 {[%emt 0:09:01]} a5 {[%emt 0:12:26]} 30. cxd5 {[%emt 0:00:43]} exd5 {[%emt 0:01:19]} 31. bxa5 {[%emt 0:00:07]} Rxc5 {[%emt 0:00:10]} 32. a6 {[%emt 0:08:52]} Ra5 {[%emt 0:06:59]} 33. g4 {[%emt 0:00:38]} Rh8 {[%emt 0:03:29]} 34. Ref3 {[%emt 0:00:44]} Re8 {[%emt 0:13:47]} 35. Rxf7+ {[%emt 0:02:40]} Kh6 {[%emt 0:01:06]} 36. h4 {[%emt 0:07:05]} Rxa6 {[%emt 0:02:56]} 37. Kg2 {[%emt 0:05:47]} g5 {[%emt 0:03:33]} 38. R7f5 {[%emt 0:00:59]} gxh4 {[%emt 0:01:00]} 39. Kh3 {[%emt 0:00:30]} Rae6 {[%emt 0:01:15]} 40. g5+ {[%emt 0:00:00]} Kg7 {[%emt 0:00:00]} 41. Rf7+ {[%emt 0:01:50]} Kg8 {[%emt 0:00:43]} 42. Kxh4 {[%emt 0:00:38]} Rxe5 {[%emt 0:00:25]} 43. Kh5 {[%emt 0:00:08]} R8e7 {[%emt 0:01:17]} 44. Rf8+ {[%emt 0:00:59]} Kg7 {[%emt 0:00:01]} 45. R8f6 {[%emt 0:01:19]} Rd7 {[%emt 0:02:54]} 46. Rg6+ {[%emt 0:00:22]} Kh7 {[%emt 0:00:21]} 47. Rff6 {[%emt 0:00:22]} Rg7 {[%emt 0:05:41]} 48. Rxg7+ {[%emt 0:01:04]} Kxg7 {[%emt 0:00:01]} 49. Rd6 Re7 50. Rxd5 {[%emt 0:01:48]} Ra7 {[%emt 0:00:38]} 1/2-1/2

[Event "WSTCC-50 2020"]
[Site "Prague"]
[Date "2020.03.08"]
[Round "3.21"]
[White "Cummings, David H."]
[Black "Petursson, Margeir"]
[Result "0-1"]
[WhiteElo "2342"]
[BlackElo "2466"]
[Annotator "TA"]
[PlyCount "90"]
[EventDate "2020.03.06"]
[EventType "team-tourn"]
[EventCountry "CZE"]
[SourceTitle "playchess.com"]
[Source "ChessBase"]
[SourceQuality "1"]

{[%evp 20,90,54,52,70,70,85,79,79,79,62,74,85,82,89,94,89,62,51,51,58,-94,-89,-73,0,0,0,0,0,0,0,0,68,78,66,0,0,-66,-43,-54,-66,-68,-34,-72,-49,-56,-68,-147,-143,-172,-181,-181,-169,-177,-78,-114,-110,-366,-368,-495,-492,-681,-425,-666,-526,-678,-672,-684,-517,-525,-522,-752,-739]} 1. Nf3 c5 2. c4 g6 3. e4 Nc6 4. d4 cxd4 5. Nxd4 Nf6 6. Nc3 d6 7. f3 Bg7 8. Be3 O-O 9. Be2 Bd7 10. Qd2 Nxd4 11. Bxd4 Bc6 {11...a5 is the modern continuation. B38: Sicilian: Maroczy Bind with 5...Bg7 and 7...0-0.} 12. O-O-O a6 13. g4 Nd7 {[#] White is better.} 14. Bxg7 $146 ({Predecessor:} 14. Be3 Qa5 15. Kb1 Bxc3 16. bxc3 Rfc8 17. h4 b5 18. h5 bxc4 19. hxg6 Qb5+ 20. Ka1 fxg6 {1-0 (28) Chernyh,P (1930)-Bugaev,A (1956) Abaza 2011}) 14... Kxg7 15. h4 h6 16. Kb1 Qa5 17. f4 Qc5 18. g5 hxg5 19. hxg5 Rh8 20. Rh6 $2 (20. Nd5 $14) 20... Rxh6 $17 21. gxh6+ Kh7 (21... Kxh6 $17 22. a3 Nf6) 22. Bd3 $11 Qd4 23. Qe2 Qf6 24. Rf1 Rf8 25. Bc2 e5 (25... Qe6 $11) 26. f5 $14 g5 27. Nd1 (27. b4 $14) 27... Qe7 ({Don't blunder} 27... Qxh6 $2 28. Nf2 $18) 28. f6 ({White should try} 28. Nf2 $11) 28... Nxf6 $15 29. Qf3 {[#] And now Qf5+ would win.} Ne8 30. Ne3 Bd7 31. Nd5 Qe6 32. Qh5 Qg6 33. Qe2 {[#]} (33. Qf3 $15) 33... g4 $1 $17 34. Ne7 Qg5 ({Don't do} 34... Qxh6 35. c5 $17) 35. Nf5 Rg8 36. Ng3 Nf6 (36... Be6 $19 {and Black stays clearly on top.} 37. Bb3 Rg6) 37. Qd3 Be6 38. Qxd6 $2 {[%mdl 8192] Now White is beyond hope.} (38. Bb3 $17 {might work better.} Nh5 39. Nxh5 Qxh5 40. c5) 38... Nh5 $19 39. Nf5 g3 {Black is clearly winning.} 40. Rg1 g2 41. Qd1 (41. Ne7 $142 Nf4 42. Bd1 (42. Nxg8 $2 Ne2 $19)) 41... Nf4 42. Qf3 Qg4 43. Bd1 Qxf3 44. Bxf3 Bxc4 45. Ne3 Rg3 {Accuracy: White = 43%, Black = 79%.} 0-1

[Event "WSTCC-50 2020"]
[Site "Prague"]
[Date "2020.03.08"]
[Round "3.22"]
[White "Thorhallsson, Throstur"]
[Black "Plotkin, Victor"]
[Result "1/2-1/2"]
[WhiteElo "2424"]
[BlackElo "2339"]
[Annotator "TA"]
[PlyCount "81"]
[EventDate "2020.03.06"]
[EventType "team-tourn"]
[EventCountry "CZE"]
[SourceTitle "playchess.com"]
[Source "ChessBase"]
[SourceQuality "1"]

{[%evp 10,81,0,0,14,10,15,0,0,0,0,-11,0,-40,7,-50,-70,-43,31,20,35,20,36,29,48,42,48,53,35,4,9,6,5,-19,-17,-15,-12,-20,-24,-27,-10,-9,-7,-9,-6,-6,-2,-6,0,0,0,0,0,-11,0,0,0,0,0,0,0,0,0,0,0,0,0,0,0,0,0,0,0,0]} 1. e4 e5 2. Nf3 Nf6 3. Nxe5 d6 4. Nc4 Nxe4 5. Qe2 Qe7 6. Ne3 Nc6 {C42: Petroff Defence: 3 Nxe5 and unusual White 3rd moves.} 7. c3 Be6 8. d4 {[#] Threatens to win with d5.} d5 9. Nd2 {[#] With the idea Nxe4.} O-O-O $146 ({Predecessor:} 9... Nxd2 10. Bxd2 Qd7 11. g3 Be7 12. Bg2 O-O 13. O-O Rfe8 14. f4 f6 15. f5 Bf7 {0-1 (72) Jansa,V (2521)-Kalod,R (2502) Brno 2006}) 10. Nxe4 dxe4 11. Qb5 {Hoping for d5.} Qd7 (11... f5 $5) 12. b3 (12. Bc4 $11 Bxc4 13. Nxc4) 12... a6 13. Qa4 $1 Na7 (13... f5 $15) 14. Qxd7+ $14 Rxd7 15. Bb2 f5 16. O-O-O g6 17. d5 {Strongly threatening c4.} Bf7 18. c4 Rg8 19. h4 h5 20. Be2 Bc5 21. Rhf1 c6 22. dxc6 Rxd1+ 23. Rxd1 {cxb7+ is the strong threat.} Nxc6 24. g3 Rd8 25. Rxd8+ {The position is equal.} Kxd8 26. Kd2 Kd7 27. Ke1 Nd4 28. Bd1 Be6 29. Bc3 Nc6 30. Nc2 Bd6 31. Kd2 f4 32. gxf4 Bxf4+ 33. Ne3 Ne5 34. Bxe5 Bxe5 $11 {[%mdl 4096] Endgame KBB-KBN} 35. Bc2 Bf5 36. Nxf5 gxf5 {[#]} 37. f3 $1 {[%mdl 512]} exf3 38. Bxf5+ Kc7 39. Ke3 Bf6 40. Kxf3 Bxh4 41. Bg6 {Accuracy: White = 89%, Black = 91%.} 1/2-1/2